[Event "Catarinense-ch"]
[Site "Itajai"]
[Date "2023.11.26"]
[Round "5"]
[White "Da Costa, Michael David"]
[Black "Da Silva, Guilherme Eduardo"]
[Result "0-1"]
[WhiteElo "1387"]
[BlackElo "1800"]
[PlyCount "54"]
[EventDate "2023.11.24"]
[EventType "swiss"]
[EventRounds "6"]
[EventCountry "BRA"]
[SourceTitle "CB50_2023"]
[SourceDate "2023.12.13"]
[SourceVersion "1"]
[SourceVersionDate "2023.12.13"]
[SourceQuality "1"]

1. d4 c5 2. c3 d5 3. Nf3 Nc6 4. Bf4 Qb6 5. Qb3 c4 6. Qxb6 axb6 7. Nbd2 Bf5 8. e3 e6 9. Be2 b5 10. Nh4 Bg6 11. Nxg6 hxg6 12. e4 Nf6 13. Bf3 b4 14. exd5 Nxd5 15. Bxd5 exd5 16. Kd1 b5 17. Re1+ Kd7 18. Nf1 Bd6 19. Bxd6 Kxd6 20. h3 b3 21. a3 b4 22. cxb4 Nxb4 23. Kd2 Nc2 24. Kc3 Nxe1 25. Rxe1 Rhe8 26. Rxe8 Rxe8 27. Ne3 f5 0-1

[Event "Catarinense-ch"]
[Site "Itajai"]
[Date "2023.11.24"]
[Round "2"]
[White "Dos Santos, Welligton Carlos"]
[Black "Da Silva, Guilherme Eduardo"]
[Result "1-0"]
[WhiteElo "1483"]
[BlackElo "1800"]
[PlyCount "137"]
[EventDate "2023.11.24"]
[EventType "swiss"]
[EventRounds "6"]
[EventCountry "BRA"]
[SourceTitle "CB50_2023"]
[SourceDate "2023.12.13"]
[SourceVersion "1"]
[SourceVersionDate "2023.12.13"]
[SourceQuality "1"]

1. c4 c5 2. Nc3 Nc6 3. d3 d6 4. g3 g6 5. Bg2 Bg7 6. e4 e5 7. Nge2 Nge7 8. 0-0 0-0 9. f4 a6 10. Be3 Rb8 11. a4 Nd4 12. h3 Nec6 13. Rb1 Bd7 14. Bxd4 exd4 15. Nd5 b5 16. axb5 axb5 17. b3 Be6 18. Qd2 Bxd5 19. exd5 Nb4 20. f5 Qe7 21. Be4 bxc4 22. bxc4 Ra8 23. Ra1 Rxa1 24. Rxa1 gxf5 25. Bxf5 Re8 26. Re1 Qe3+ 27. Qxe3 Rxe3 28. Kf2 Nxd3+ 29. Bxd3 Rxd3 30. Nf4 Rc3 31. Re8+ Bf8 32. g4 Rxc4 33. Nh5 f5 34. gxf5 Kf7 35. Ra8 Bh6 36. Ra7+ Kf8 37. Rxh7 Be3+ 38. Kf3 Rc1 39. Rh8+ Kf7 40. Rh7+ Kf8 41. Rh8+ Ke7 42. Rh7+ Kd8 43. Ng7 Rf1+ 44. Ke4 c4 45. Ne6+ Ke8 46. Nxd4 Bxd4 47. Kxd4 Rxf5 48. Kxc4 Kf8 49. h4 Ke8 50. h5 Kf8 51. h6 Rh5 52. Rh8+ Kf7 53. h7 Kg7 54. Rd8 Kxh7 55. Rxd6 Kg7 56. Re6 Kf7 57. Re2 Rh4+ 58. Kc5 Rh5 59. Kc6 Rh1 60. d6 Rc1+ 61. Kd7 Kg6 62. Kd8 Rd1 63. d7 Kf7 64. Rf2+ Kg7 65. Rc2 Ra1 66. Kc7 Ra7+ 67. Kd6 Ra1 68. d8Q Rd1+ 69. Kc7 1-0